000 00639nam a2200193 i 4500
001 69773
003 ES-MaACL
005 20250707155058.0
007 t|
008 040712s1969 sp ||||1| spa d
100 1 _aGarcía Guillermo, Julio.
_954739
245 1 3 _aEl polvo y las estrellas /
_cJulio García Guillermo, Carmen Boadella de García.
260 _a[Lérida :
_bDiputación Provincial de Lérida,
_c1969]
300 _a110 p. ;
_c22 cm.
700 1 _aBoadella de García, Carmen.
_929623
710 1 _aLérida (Provincia).
_bDiputación Provincial
_95498
852 _aES-MaACL
_jC-36454
_bR.69978
999 _c69773
_d69773